• 首页
  • 本馆介绍
  • 公告通知
  • 最新文献
  • 馆藏检索
  • 电子资源
  • 读者导购
  • 参考咨询
  • 我的图书馆
  • 登录
  • 详细信息显示
  • 放入我的书架
  • 预约/预借图书
  • 作者相关作品
  • 分类相关作品
  • 丛书相关作品
  • 出版社相关作品

书目信息

  • 表格格式
  • 工作单格式
  • 卡片格式
书名: The physical universe
作者: Konrad B. Krauskopf, Arthur Beiser.
分册号:
分册名:
出版地: Boston :
 
出版社: McGraw-Hill
出版时间: c2003.
页数: 670 p. :
开本: 26 cm.
丛书名:
中图分类号:
科图分类号:
其他分类号: N49
主题词:
电子资源:
000 01020cam a2200277 a 450
001 E0756677234
005 20070707155624.90
008 010822s2003 mauab 001 0 eng
010    @a2001044740
020    @a0072418265 (pbk. : acid-free paper).
040    @aDLC@cDLC@dDLC
050 00 @aQ161.2@b.K7 2003
082 00 @a500.2@2 21
090    @aN49
099    @dN49@ex29=10
100 1  @aKrauskopf, Konrad Bates,@d1910-
245 14 @aThe physical universe / @cKonrad B. Krauskopf, Arthur Beiser.
250    @a10th ed.
260    @aBoston :@bMcGraw-Hill,@cc2003.
300    @a670 p. :@bill. (some col.), col. maps ;@c26 cm.
500    @aIncludes index.
650  0 @aPhysical science.
700 1  @aBeiser, Arthur.
906    @a7@bcbc@corignew@d1@eocip@f20@gy-gencatlg
925 0  @aacquire@b1 shelf copy@xpolicy default
955    @apc20 2001-08-22 to ASCD@cjp25 2001-08-23 to subj@djp99 2001-08-23@ejp10 2001-08-23 to Dewey@aaa01 2001-08-23@aps13 2002-04-01 bk rec’d, to CIP ver.@fpv18 2002-04-05 CIP ver to BCCD
    
    The physical universe / / Konrad B. Krauskopf, Arthur Beiser.-10th ed.-Boston : : McGraw-Hill, , c2003.
    670 p. : : ill. (some col.), col. maps ; ; 26 cm.
    Includes index.
    
    ISBN 0072418265 (pbk. : acid-free paper).
    
●
相关链接 在E读中查询图书 在五车中查询图书 在当当中查询图书 在豆瓣中查询图书


正题名:physical universe     索取号:N49/x29=10         预约/预借

序号 登录号 条形码 馆藏地/架位号 状态 备注
1 11076   300110760   第二样本阅览室/ [索取号:N49/x29=10] 在馆    
2 11077   300110779   第四借阅区/ [索取号:N49/x29=10] 在馆    
唐山师范学院图书馆 欢迎您!
大连网信软件有限公司© 版权所有